| 000 | 00516cam a2200181 a 4500 | ||
|---|---|---|---|
| 001 | 000019060 | ||
| 005 | 20200929165919.0 | ||
| 008 | 060126s1971 xxc 000 0 fre d | ||
| 040 |
_aDO-SdBNP _bfre _cLC _dBNPHU |
||
| 050 | 0 | 0 |
_aF1001 _b.C122 no. 11 |
| 082 |
_ann* _bP387v |
||
| 100 | 1 |
_aPellerin, Jean, _d1917- _941011 |
|
| 245 | 1 | 3 |
_aLe XXIe siècle est commencé / _cJean Pellerin. |
| 260 |
_aMontréal : _bdu Jour, _c1971. |
||
| 300 |
_a125 p. ; _c19 cm. |
||
| 910 | _aCatalogación derivada / LC | ||
| 049 | _aBNGR | ||
| 999 |
_c18578 _d18578 |
||